000 00576nam a2200169Ia 4500
003 GCL
005 20240530102432.0
008 140319s9999 xx 000 0 ara d
040 _aGCL /
_cGCL
082 0 4 _a810.9
_bس م
100 0 _aسعد ابوالرضا
245 1 0 _aمعالجة النص فى كتب الموازنات التراثية : منهج وتطبيق /
_cسعد ابوالرضا
260 _a[S.N] :
_bمنشاة المعارف الاسلامية ،
_c1989
300 _a198 ص
490 _aسلسلة كتب الادب والنقد
_v0
942 _2ddc
_cBK
999 _c32218
_d32218